Regole per il catalogo alfabetico a schede della Reale Biblioteca Universitaria di Breslavia / (Record no. 53304)
[ view plain ]
| 000 -LEADER | |
|---|---|
| campo de control de longitud fija | 00945nam a2200241 i 4500 |
| 001 - NÚMERO DE CONTROL | |
| campo de control | 53304 |
| 003 - IDENTIFICADOR DE NÚMERO DE CONTROL | |
| campo de control | ES-MaACL |
| 005 - FECHA Y HORA DE LA ÚLTIMA TRANSACCIÓN | |
| campo de control | 20250903065905.0 |
| 007 - CAMPO FIJO DE DESCRIPCIÓN FÍSICA--INFORMACIÓN GENERAL | |
| campo de control de longitud fija | t| |
| 008 - DATOS DE LONGITUD FIJA--INFORMACIÓN GENERAL | |
| campo de control de longitud fija | 950915s1887 it ||||1| ita d |
| 040 ## - FUENTE DE CATALOGACIÓN | |
| Centro catalogador/agencia de origen | CAM |
| Lengua de catalogación | spa |
| Centro/agencia transcriptor | CAM |
| 100 1# - ENTRADA PRINCIPAL--NOMBRE DE PERSONA | |
| Nombre de persona | Dziatzko, Carlo. |
| 9 (RLIN) | 46424 |
| 245 10 - MENCIÓN DEL TÍTULO | |
| Título | Regole per il catalogo alfabetico a schede della Reale Biblioteca Universitaria di Breslavia / |
| Mención de responsabilidad, etc. | compilate dal Dr Carlo Dziatzko; prima versione dal tedesco con aggiunte e correzioni dell'autore a cura di Angelo Bruschi. |
| 260 ## - PUBLICACIÓN, DISTRIBUCIÓN, ETC. | |
| Lugar de publicación, distribución, etc. | In Firenze : |
| Nombre del editor, distribuidor, etc. | G.C. Sansoni, |
| Fecha de publicación, distribución, etc. | 1887. |
| 300 ## - DESCRIPCIÓN FÍSICA | |
| Extensión | VII, 110 p. ; |
| Dimensiones | 23 cm. |
| 490 1# - MENCIÓN DE SERIE | |
| Mención de serie | Biblioteca di bibliografia e paleografia |
| 650 07 - PUNTO DE ACCESO ADICIONAL DE MATERIA--TÉRMINO DE MATERIA | |
| Término de materia o nombre geográfico como elemento de entrada | Biblioteconomía |
| Fuente del encabezamiento o término | embne |
| 9 (RLIN) | 10554 |
| 700 1# - ENTRADA AGREGADA--NOMBRE PERSONAL | |
| Nombre de persona | Bruschi, Angelo. |
| 9 (RLIN) | 32225 |
| 710 2# - ENTRADA AGREGADA--NOMBRE DE ENTIDAD CORPORATIVA | |
| Nombre de entidad corporativa o nombre de jurisdicción como elemento de entrada | Reale Biblioteca Universitaria di Breslavia. |
| 9 (RLIN) | 6407 |
| 830 00 - PUNTO DE ACCESO ADICIONAL DE SERIE-TÍTULO UNIFORME | |
| Título uniforme | Biblioteca di bibliografia e paleografia |
| 9 (RLIN) | 182513 |
| 852 ## - LOCALIZACIÓN | |
| Ubicación | ES-MaACL |
| Número de control de estantería | F-2281 |
| Estatus retirado | Estado de pérdida | Fuente del sistema de clasificación o colocación | Estado de daño | No para préstamo | Colección | Biblioteca de origen | Biblioteca actual | Ubicación en estantería | Fecha de adquisición | Total de préstamos | Signatura topográfica completa | Código de barras | Visto por última vez | Precio de reemplazo | Tipo de ítem Koha |
|---|---|---|---|---|---|---|---|---|---|---|---|---|---|---|---|
| Clasificación decimal universal | Biblioteca profesional | Biblioteca del Ateneo de Madrid | Biblioteca del Ateneo de Madrid | Depósito 2 | 17/01/2008 | F-2281 | 1056009 | 23/02/2023 | 23/02/2023 | Libro impreso antiguo |
